000 00391nam a2200133Ia 4500
008 210210b1976 xxu||||| |||| 00| 0 eng d
082 _a371.4 SHEW
100 _aSHENOY (B B).
245 _aWhat next ? : a career guidance and occupational information handbook.
260 _aMangalore.
_bRotary Club of Mangalore.
_c1976
300 _a160
690 _aCareer & Counselling
906 _a042230
999 _c91857
_d91857